000 00880nas a2200265 4500
001 BR9210588
003 BR-BrBNA
005 20231205093410.0
007 ta
008 230509b bl.|||p| |||| 00| 00por d
040 _aBR-BrBNA
_bpor
_cBiblioteca Nacional de Agricultura
041 _a(Pt)
072 _aL74
100 1 _aCastro, V.L.S.S. de
100 1 _aPalermo Neto, J.
245 1 _aEfeitos fetotoxicos do aldrin em filhotes de 1. e 2. geracoes de ratos
246 1 _a[The impact of aldrin low doses exposition on some physical and behavioral parameters of rats!
650 _aRATO
650 _aLABORATORIO
650 _aINSETICIDA
650 _aINTOXICACAO ANIMAL
773 0 _tPesticidas. Revista Tecnico-Cientifica (Brazil)
_xISSN 0103-7277
_g(Jan-Dec 1991), v. 1(1) p. 21-29
_wBR9210588
909 _a202311
_bLúcia
_c55
_dLúcia Elande
942 _2AGRIS
_n0
_cANA
999 _c138069
_d138069